000 00307nam a22001337a 4500
008 260420b ||||| |||| 00| 0 eng d
020 _a9780072123333
041 _aeng
080 _a1.1
100 _a19
101 _aShki
245 _aGet Linux Certified & Get Ahead
_cAnne Martinez
942 _2udc
_cBK
999 _c60980
_d60980